|
|
|
|
| LEADER |
01173nam a2200313 u 4500 |
| 001 |
10021549 |
| 003 |
upatras |
| 005 |
20210117205547.0 |
| 008 |
990123s1997 sz eng |
| 020 |
|
|
|a 3764353074
|
| 040 |
|
|
|a GR-PaULI
|c GR-PaULI
|
| 041 |
0 |
|
|a eng
|
| 082 |
0 |
4 |
|a 571.2
|
| 245 |
1 |
0 |
|a Signal transduction in plants
|c edited by P. Aducci
|
| 260 |
|
|
|a Basel
|b Birkhauser Verlag
|c 1997
|
| 300 |
|
|
|a 181 p.
|b fig.
|c 24 cm.
|
| 490 |
0 |
|
|a Molecular and cell biology updates
|
| 504 |
|
|
|a Includes bibliographical references and index
|
| 650 |
|
4 |
|a Φυτά
|x Φυσιολογία
|9 1001
|
| 650 |
|
4 |
|a Φυτοχημεία
|9 4400
|
| 650 |
|
4 |
|a Μοριακή βιολογία
|x Φυτά
|9 464
|
| 650 |
|
4 |
|a Φυτορμόνες
|9 90387
|
| 700 |
1 |
|
|a Aducci, Patrizia
|9 146140
|
| 760 |
0 |
|
|a Molecular and cell biology updates
|
| 852 |
|
|
|a GR-PaULI
|b ΠΑΤΡΑ
|b ΒΚΠ
|b ΒΣ1
|k ΑΣΧΞ
|h 571.2 ADU
|m 042695
|p 025000054265
|t 1
|
| 942 |
|
|
|2 ddc
|c BK15
|
| 952 |
|
|
|0 0
|1 0
|4 0
|6 571_200000000000000_ADU
|7 0
|9 183869
|a LISP
|b LISP
|c BSC
|d 2016-04-24
|i 042695
|l 0
|o 571.2 ADU
|p 025000054265
|r 2016-04-24 00:00:00
|t 1
|w 2016-04-24
|y BK15
|
| 998 |
|
|
|c ΣΚΟΝΔΡΑ
|d 2010-03
|
| 999 |
|
|
|c 113436
|d 113436
|